Normal view
MARC view
- Pacheco Hidalgo, Leticia
Entry Nombre Personal
001 - NUMERO DE CONTROL
- campo de control: 49441
003 - IDENTIFICADOR DE NUMERO DE CONTROL
- campo de control: MX-MxUPN
005 - FECHA Y HORA DE LA ÜLTIMA TRANSACCIÓN
- campo de control: 20230620130131.0
008 - DATOS DE LONGITUD FIJA
- campo de control de longitud fija: 230620nn acnnnaabn a aaa d
040 ## - FUENTE DE CATALOGACIÓN
- Agencia original de catalogación: MX-MxUPN
- Lenguaje de catalogación: spa
100 1# - ENCABEZAMIENTO - NOMBRE PERSONAL
- Nombre personal: Pacheco Hidalgo, Leticia
400 1# - VEÁSE - NOMBRE DE PERSONA
- Personal name: Hidalgo, Leticia Pacheco
670 ## - FUENTE EN LA QUE SE LOCALIZARON DATOS
- Cita de la fuente: Algunas causas de la reprobación en la escuela primaria, 1978 :
- Información localizada: portada (Leticia Pacheco Hidalgo)
902 ## - CATALOGADOR
- Catalogador: VíctorGodínez/200623
